| 000 | 01549nam a22003857a 4500 | ||
|---|---|---|---|
| 003 | DO-SdBNP | ||
| 005 | 20250603120044.0 | ||
| 007 | ta | ||
| 008 | 211112b2018 dr a|||e |||| 001 0 spa d | ||
| 020 | _a9789945580624 | ||
| 040 |
_aDO-SdBNP _bspa _cBNPHU |
||
| 082 | 4 |
_a346.729307 _bC822n _222 |
|
| 100 | 1 |
_aCoronado, Manuel _971688 |
|
| 245 | 1 | 0 |
_aNociones de derecho comercial 1 / _cManuel Coronado ; editor Lennys Tejada Betancourt. |
| 250 | _a2da. ed. | ||
| 260 |
_aSantiago de los Caballeros : _bUAPA, _c2018. |
||
| 300 |
_a372 p. : _bil. ; _c27 cm. |
||
| 490 | 1 |
_aAutoaprendizaje ; _v4 |
|
| 504 | _aIncluye referencias bibliográficas. | ||
| 505 | 0 | _aUnidad 1. Definición y objeto del comercio. | |
| 505 | _aUnidad 2. Derecho a ejercer el comercio. | ||
| 505 | _aUnidad 3. Derecho comercial y las fuentes de donde se nutre. | ||
| 505 | _aUnidad 4. Los actos de comercio, su clasificación. Las empresas. | ||
| 505 | _aUnidad 5. Las obligaciones de los comerciantes . | ||
| 505 | _aUnidad 6. El fondo de comercio. | ||
| 505 | _aUnidad 7. Los medios de pago en materia de comercio. | ||
| 505 | _aUnidad 8. Los contratos civiles en sus aplicaciones comerciales. | ||
| 505 | _aUnidad 9. Comercio electrónico y firma digital. Competencias. | ||
| 505 |
_aUnidad 10. La bolsa de valores. _tAnexos. |
||
| 590 | _aInventariado, 2021 / SA | ||
| 650 | 1 | 0 |
_aDerecho mercantil _zRepública Dominicana _944865 |
| 700 | 1 |
_aTejada Betancourt, Lennys, _eeditor _966105 |
|
| 910 | _aSaquino. Validado, 2022/MFF | ||
| 942 |
_2ddc _cLBS1 |
||
| 999 |
_c50957 _d50957 |
||